[Event "NOR-chT north 0203"]
[Site "Norway"]
[Date "2003.??.??"]
[Round "4"]
[White "Kvamme, Ole Fredrik"]
[Black "Eide, Stig Omar"]
[Result "1-0"]
[WhiteElo "1910"]
[BlackElo "1417"]
[PlyCount "85"]
[EventDate "2002.10.??"]
[EventType "team-tourn"]
[EventRounds "5"]
[EventCountry "NOR"]
[SourceTitle "EXT 2005"]
[Source "ChessBase"]
[SourceDate "2004.11.15"]
[SourceVersion "1"]
[SourceVersionDate "2004.11.15"]
[SourceQuality "1"]

1. c4 e5 2. g3 Nc6 3. Bg2 Nf6 4. Nc3 Bc5 5. Nf3 0-0 6. Nxe5 Bxf2+ 7. Kxf2 Nxe5 8. d3 d6 9. Rf1 c6 10. Kg1 h6 11. Qb3 Qb6+ 12. Qxb6 axb6 13. Bxh6 Be6 14. Rxf6 gxf6 15. Bxf8 Kxf8 16. Rf1 Ke7 17. a3 Ra5 18. h3 f5 19. Kf2 f6 20. Ke1 d5 21. cxd5 cxd5 22. Rf4 Kd6 23. Rb4 Kc6 24. Kd2 Ra8 25. e3 Rg8 26. Ne2 Nd7 27. Rd4 Nc5 28. Rh4 Kd6 29. Rb4 Nd7 30. Rb5 Rc8 31. Nd4 Rc5 32. b4 Rxb5 33. Nxb5+ Kc6 34. Nd4+ Kd6 35. Nxe6 Kxe6 36. Kc3 Ke5 37. Bf3 Nf8 38. a4 Ne6 39. h4 d4+ 40. exd4+ Nxd4 41. Bxb7 Ne2+ 42. Kc4 Nxg3 43. Kb5 1-0